| 000 | 01420nac a22003851i 4500 | ||
|---|---|---|---|
| 003 | EG-ScBUE | ||
| 005 | 20241222102342.0 | ||
| 006 | m||||fq||h 00| 0 | ||
| 008 | 081116t2008 njua f b 001 0 eng d | ||
| 020 | _a0132083078 | ||
| 020 | _a9780132083072 | ||
| 020 | _a9780136033011 (CD- Rom) | ||
| 020 | _a0136033016 (CD- Rom) | ||
| 040 |
_aEG-ScBUE _beng _erda _cEG-ScBUE _dEG-ScBUE |
||
| 082 | 0 | 4 |
_a526.9 _bGHI _222 |
| 100 | 1 |
_aGhilani, Charles D., _eauthor. _91187 |
|
| 245 | 1 | 0 |
_aElementary surveying : _ban introduction to geomatics / _cCharles D. Ghilani, The Pennsylvania State University, Paul R. Wolf, professor emeritus, civil and encironmental engineering, University of Wisconsin-Madison. |
| 250 | _aTwelfth edition. | ||
| 250 | _aPearson International Edition. | ||
| 264 | 1 |
_aUpper Saddle River, NJ : _bPrentice Hall, _c[2008] |
|
| 264 | 4 | _cc2008 | |
| 300 |
_axxiv, 931 pages : _billustrations (some color) ; _c25 cm + _e1 CD |
||
| 336 |
_2rdacontent _atext _btxt |
||
| 336 |
_2rdacontent _asounds _bsnd |
||
| 337 |
_aunmediated _2rdamedia _bn |
||
| 337 |
_aaudio _2rdamedia _bs |
||
| 338 |
_avolume _bnc _2rdacarrier |
||
| 338 |
_acomputer disc _bcd _2rdacarrier |
||
| 504 | _aIncludes bibliographical references and index. | ||
| 650 | 7 |
_aSurveying. _2BUEsh _91035 |
|
| 650 | 7 |
_aGeomatics. _2BUEsh _91189 |
|
| 655 | _vReading book | ||
| 700 | 1 |
_aWolf , Paul R., _eauthor. _91188 |
|
| 942 |
_cBB _2ddc |
||
| 999 |
_c10295 _d10295 |
||